| 000 | 00479pam a2200145a 44500 | ||
|---|---|---|---|
| 008 | 230405s1978 xxu||||| |||| 00| 0 eng d | ||
| 041 | _aMAR | ||
| 100 | _aदाते श्री.व सौ | ||
| 245 | _aभुविज्ञान परिचय बी.ए. १ | ||
| 260 |
_aकोल्हापूर _bश्रीपभ प्रकाशन _c1978 |
||
| 440 | _aSource = रत्नाकर मिरज | ||
| 650 | _aHISTORY | ||
| 690 | _aHISTORY | ||
| 906 | _a199 | ||
| 999 |
_c780423 _d780423 |
||